Bài giảng quản lý tài nguyên nước = Inland water management

Sách trình bày khái niệm về nước, dòng chảy sông ngòi của nước. Nước ngầm và các yếu tố ảnh hưởng đến nước ngầm. Sự ô nhiễm nguồn nước, các tác nhân gây ô nhiễm, xử lý ô nhiễm nguồn nước và bảo vệ chất lượng nước....

पूर्ण विवरण

में बचाया:
ग्रंथसूची विवरण
मुख्य लेखक: Nguyễn, Võ Châu Ngân
स्वरूप: पुस्तक
भाषा:Undetermined
प्रकाशित: Cần Thơ Trường Đại Học Cần Thơ 2000
विषय:
टैग : टैग जोड़ें
कोई टैग नहीं, इस रिकॉर्ड को टैग करने वाले पहले व्यक्ति बनें!
Thư viện lưu trữ: Trung tâm Học liệu Trường Đại học Cần Thơ
LEADER 01115nam a2200217Ia 4500
001 CTU_143838
008 210402s9999 xx 000 0 und d
082 |a 628.162 
082 |b Ng121/2000 
100 |a Nguyễn, Võ Châu Ngân 
245 0 |a Bài giảng quản lý tài nguyên nước = 
245 0 |b Inland water management 
245 0 |c Nguyễn Võ Châu Ngân 
260 |a Cần Thơ 
260 |b Trường Đại Học Cần Thơ 
260 |c 2000 
520 |a Sách trình bày khái niệm về nước, dòng chảy sông ngòi của nước. Nước ngầm và các yếu tố ảnh hưởng đến nước ngầm. Sự ô nhiễm nguồn nước, các tác nhân gây ô nhiễm, xử lý ô nhiễm nguồn nước và bảo vệ chất lượng nước. 
650 |a Hydraulic engineering,Water,Water,Water quality management,Thủy công 
650 |x Outlines, syllabi, etc,Distribution,Purification 
904 |i Năm 
980 |a Trung tâm Học liệu Trường Đại học Cần Thơ